Normal view
MARC view
- Yates, Dornford
Entry Personal Name
001 - CONTROL NUMBER
- control field: 107835
003 - CONTROL NUMBER IDENTIFIER
- control field: NUST
005 - DATE AND TIME OF LATEST TRANSACTION
- control field: 20230126191838.0
008 - FIXED-LENGTH DATA ELEMENTS
- fixed length control field: 230126|| aca||aabn | a|a d
040 ## - CATALOGING SOURCE
- Original cataloging agency: NUST
- Transcribing agency: NUST
100 ## - HEADING--PERSONAL NAME
- Personal name: Yates, Dornford
670 ## - SOURCE DATA FOUND
- Source citation: Work cat.: (NUST)185916: Yates, Dornford,, Jonah and co. /, 1927
